[Event "ESP-ch U10"]
[Site "Salobrena"]
[Date "2023.07.05"]
[Round "5"]
[White "Rodriguez Collazo, Zoe"]
[Black "Escobar Pavlik, Luka"]
[Result "0-1"]
[WhiteElo "1024"]
[BlackElo "1174"]
[PlyCount "162"]
[EventDate "2023.07.03"]
[EventType "swiss"]
[EventRounds "9"]
[EventCountry "ESP"]
[SourceTitle "EXT 2024"]
[Source "ChessBase"]
[SourceDate "2023.10.10"]
[SourceVersion "1"]
[SourceVersionDate "2023.10.10"]
[SourceQuality "1"]

1. d4 Nf6 2. Nf3 g6 3. Bf4 d6 4. e3 Bg7 5. h3 0-0 6. Be2 Nbd7 7. 0-0 Re8 8. Nc3 b6 9. Bh2 Bb7 10. Bd3 e5 11. dxe5 dxe5 12. e4 Qe7 13. Re1 Rad8 14. Qc1 a6 15. Re2 b5 16. a3 c5 17. Re1 c4 18. Bf1 Bc6 19. b3 cxb3 20. cxb3 Rc8 21. Qb2 Red8 22. Rad1 Ne8 23. Bd3 Nc5 24. Bb1 Rxd1 25. Rxd1 Nd6 26. Re1 f6 27. b4 Ne6 28. Qb3 Kh8 29. Nd5 Bxd5 30. Qxd5 Nc4 31. Qd3 Rd8 32. Qb3 Nd4 33. Nxd4 Rxd4 34. f3 Qd7 35. Bc2 Rd2 36. Rd1 Rxd1+ 37. Bxd1 Nxa3 38. Be2 Qd2 39. Kf1 Qc1+ 40. Kf2 Nc4 41. Qd3 Qd2 42. Qxd2 Nxd2 43. Ke3 Nb3 44. Bg3 Nd4 45. Bd1 Nc6 46. Be1 Bf8 47. Bh4 g5 48. Be1 Bxb4 49. Bxb4 Nxb4 50. Bb3 a5 51. Be6 Nc2+ 52. Kd2 Nd4 53. Bd5 Kg7 54. Kc3 Kf8 55. Kb2 Ke7 56. Ka3 Kd6 57. Kb2 Kc5 58. Kc3 b4+ 59. Kb2 a4 60. Ka2 Nb5 61. Kb2 Nc3 62. Kc2 Nb5 63. Kb2 Nd4 64. Ka2 Ne2 65. Kb2 Nf4 66. g3 Nxh3 67. Bg8 h5 68. Bf7 h4 69. Be6 Ng1 70. gxh4 gxh4 71. Ka2 h3 72. Bxh3 Nxh3 73. Kb2 Kc4 74. Kc2 b3+ 75. Kb2 Kb4 76. Kb1 a3 77. Kc1 Kc3 78. Kd1 a2 79. Ke1 a1Q+ 80. Ke2 Qb2+ 81. Kf1 Qf2# 0-1